| 000 | 00870nam a22002297a 4500 | ||
|---|---|---|---|
| 005 | 20110816111641.0 | ||
| 008 | 110816t xxu||||| |||| 00| 0 eng d | ||
| 010 | _aENG-103303 | ||
| 020 |
_a9788172089351 _c30.00 |
||
| 035 | _aEN-86836 | ||
| 037 | _bDBAD/PUB | ||
| 040 |
_aDPL _bEnglish |
||
| 082 | _a230.35 | ||
| 100 | _932824 | ||
| 245 |
_aSai echoes from Kodai hills : _bdivine discourses by Bhagawan Sri Sathya Sai Baba at Sai Sruthi, Kodaikanal, April 1998 |
||
| 260 |
_aPrasanthi Nilayam _bSri Sathya Sai Sadhana Trust _c2011 |
||
| 270 |
_aSri Sathya Sai Sadhana Trust _bPrasanthi Nilayam _e515134 |
||
| 300 |
_aiv,140p. _c22cm (pbk) |
||
| 700 | _932825 | ||
| 942 |
_2ddc _cEN _h230.35 _mSAI |
||
| 999 |
_c55398 _d55398 |
||